| 000 | 00000nam 2200000zi 4500 |
| 001 | 9.947326 |
| 003 | CaOODSP |
| 005 | 20250123160951 |
| 006 | m o d f |
| 007 | cr cn||||||||| |
| 008 | 250123t20252025oncd obs f000 0 eng d |
| 040 | |aCaOODSP|beng|erda|cCaOODSP |
| 043 | |an-cn--- |
| 086 | 1 |aCS36-28-0001/2025-1-4E-PDF |
| 100 | 1 |aMorissette, ReneĢ, |eauthor. |
| 245 | 10|aWomen who work in seniors’ homes : |bwork-related injuries and illnesses and retention rates before the COVID-19 pandemic / |cby René Morissette and Hanqing Qiu. |
| 264 | 1|a[Ottawa] : |bStatistics Canada = Statistique Canada, |cJanuary 22, 2025. |
| 264 | 4|c©2025 |
| 300 | |a1 online resource (27 pages) : |bgraphs. |
| 336 | |atext|btxt|2rdacontent |
| 337 | |acomputer|bc|2rdamedia |
| 338 | |aonline resource|bcr|2rdacarrier |
| 490 | 1 |aEconomic and social reports, |x2563-8955 ; |vv. 5, no. 1, January 2025 |
| 500 | |aCover title. |
| 500 | |aAt head of title: Research article. |
| 500 | |aIssued also in French under title: Les femmes qui travaillent dans les résidences pour personnes âgées : blessures et maladies liées au travail et taux de maintien en poste avant la pandémie de COVID-19. |
| 504 | |aIncludes bibliographical references (pages 25-27). |
| 520 | 3 |a"The study shows that up to 14% of women who worked in seniors’ homes in 2016 left the health care and social assistance sector that year, while up to 21% left the nursing and residential care facilities subsector. The leaving rate of women in seniors’ homes in 2016 is higher than the overall leaving rate of 12% observed when considering all industries. Women who earned relatively low wages, were not unionized or had low job tenure were generally more likely than others to leave. All else equal, immigrant women were less likely to leave than Canadian-born women"--Abstract, page 1. |
| 650 | 0|aWomen caregivers|zCanada|vStatistics. |
| 650 | 0|aIndustrial accidents|zCanada|vStatistics. |
| 650 | 0|aEmployee retention|zCanada|vStatistics. |
| 655 | 7|aStatistics|2lcgft |
| 710 | 2 |aStatistics Canada, |eissuing body. |
| 775 | 08|tLes femmes qui travaillent dans les résidences pour personnes âgées : |w(CaOODSP)9.947333 |
| 830 | #0|aEconomic and social reports (Statistics Canada)|vv. 5, no. 1, January 2025.|w(CaOODSP)9.895760 |
| 856 | 40|qPDF|s807 KB|uhttps://publications.gc.ca/collections/collection_2025/statcan/36-28-0001/CS36-28-0001-2025-1-4-eng.pdf |
| 856 | 4 |qHTML|sN/A|uhttps://www150.statcan.gc.ca/n1/pub/36-28-0001/2025001/article/00004-eng.htm |
| 986 | |a36-28-0001 |